| 000 | 01132nam a2200289 a 4500 | ||
|---|---|---|---|
| 001 | BRCA_4414 | ||
| 005 | 20190320204649.0 | ||
| 008 | 830223s19821632sp-h#####b---f000-0#spa-# | ||
| 020 | _a8400051130 | ||
| 041 | _aspa | ||
| 044 | _asp | ||
| 050 | 4 |
_aF1230 _b.D53 1982 |
|
| 100 | 1 |
_aDíaz del Castillo, Bernal _d1496-1584 _911213 |
|
| 245 | 1 | 0 |
_aHistoria verdadera de la conquista de la Nueva España _cBernal Díaz del Castillo ; edición crítica por Carmelo Sáenz de Santa María ; participaron en el trabajo Ramón Iglesia ... [et al.]. |
| 260 |
_aMadrid _bUNAM, Instituto de Investigaciones Históricas _c1982 |
||
| 300 |
_axxxvii, 687 p. _c29 cm. |
||
| 440 | 0 |
_aMonumenta hispano-indiana _pV centenario del descubrimiento de América _v1 _911214 |
|
| 500 | _aIncluye índice de capítulos | ||
| 500 | _aFacsimíl de: 1632 | ||
| 500 | _aColección Sonia Corcuera de Mancera | ||
| 600 | 1 | 4 |
_aCortés, Hernán _d1485-1547 _9439 |
| 651 | 4 |
_aMéxico _xHistoria _yConquista 1519-1540 _9442 |
|
| 700 | 1 |
_aSáenz de Santa María, Carmelo _911215 |
|
| 700 | 1 |
_aIglesia, Ramón _d1905-1948 _911216 |
|
| 902 | _aDSC | ||
| 942 |
_2lcc _cB |
||
| 999 |
_c4123 _d4123 |
||